000 05068nam a22004817a 4500
005 20110630114050.0
010 _aENG-102764 B-462022-041
020 _c595.00
_a9789380707013
035 _aEN-86297 B-462022-041
037 _bDBAD / PUB
037 _bAllied Pub/Ven
082 _a342.540662
100 _aAgrawal, Subhash Chandra
_947566
245 _aThe change maker:
_cby Subhash Chandra Agrawal ; edited by Vigyan Bhushan ; foreworded by Wajahat Habibullah
_ba crusade through letters /
260 _aNew Delhi
_bGlobal Vision Press
_c2010
270 _a4855/24, Ansari Road, Daryaganj
_bNew Delhi
_e110002
300 _ax,262p.
_c22cm (Hb)
700 _aVigyan Bhushan
_929125
710 _928535
942 _2ddc
_cEN
_mAGR
_h342.540662
999 _c53523
_d53523